|
|
|
|
| LEADER |
00000nam0a2200000 4500 |
| 001 |
192997 |
| 005 |
20231101224444.0 |
| 010 |
|
|
|a 0120045262
|
| 035 |
|
|
|a (RuTPU)RU\TPU\book\210427
|
| 090 |
|
|
|a 192997
|
| 100 |
|
|
|a 20110311d2004 m y0rusy50 ca
|
| 101 |
1 |
|
|a chi
|c eng
|
| 102 |
|
|
|a CN
|
| 105 |
|
|
|a y z 001zy
|
| 200 |
1 |
|
|a Противоречия между нормами международного публичного права. Как права ВТО соотносятся с другими нормами международного права
|d Conflict of Norms in Public International Law. How WTO Law Relates to Other Rules of International Law
|f Д. Полин
|g пер. Юн Джанглин
|
| 210 |
|
|
|a Пекин
|c Право Китая
|d 2003
|
| 215 |
|
|
|a 588 с.
|
| 300 |
|
|
|a Книга на китайском языке
|
| 320 |
|
|
|a Словарь терминов: в конце кн.
|
| 510 |
1 |
|
|a Conflict of Norms in Public International Law. How WTO Law Relates to Other Rules of International Law
|z eng
|
| 606 |
1 |
|
|a Международное публичное право
|2 stltpush
|3 (RuTPU)RU\TPU\subj\70419
|9 84686
|
| 610 |
1 |
|
|a право
|
| 610 |
1 |
|
|a ВТО
|
| 610 |
1 |
|
|a Всемирная торговая организация
|
| 610 |
1 |
|
|a Китай
|
| 610 |
1 |
|
|a нормы права
|
| 610 |
1 |
|
|a обязанности
|
| 610 |
1 |
|
|a экономика
|
| 686 |
|
|
|a Х91
|v LBC/SL-A
|2 rubbk
|
| 700 |
|
1 |
|a Полин
|b Д.
|g Джус
|
| 702 |
|
1 |
|a Юн Джанглин
|4 730
|
| 801 |
|
1 |
|a RU
|b 63413507
|c 20110311
|
| 801 |
|
2 |
|a RU
|b 63413507
|c 20141223
|g RCR
|
| 942 |
|
|
|c BK
|